LEADER 01278nam a2200325 i 4500 001 991000653719707536 005 20020507171820.0 008 980924s1975 it ||| | ita 035 $ab1073854x-39ule_inst 035 $aLE01300222$9ExL 040 $aBibl. Dip.le Aggr. Matematica e Fisica - Sez. Fisica$beng 082 0 $a512.5 084 $aAMS 15-01 084 $aAMS 15-XX 100 1 $aLipschutz, Seymour$01221 245 10$aAlgebra lineare /$cSeymour Lipschutz 250 $a1. ed. it. /$btraduzione dall'inglese di Walter Molon 260 $aMilano :$bETAS libri,$c1975 300 $a334 p. ;$c27 cm 490 0 $aCollana Schaum 500 $aPrima del tit.: Teoria ed applicazioni di 500 $aTransl. of: Schaum's outline of theory and applications of linear algebra 650 4$aAlgebras, Linear$vTextbooks 907 $a.b1073854x$b13-11-20$c28-06-02 912 $a991000653719707536 945 $aLE013 15-XX LIP11 (1975)$g1$i2013000101583$lle013$o-$pE0.00$q-$rn$so $t1$u5$v0$w5$x0$y.i10829088$z28-06-02 945 $aLE013 15-XX LIP11 C.2 (1975)$g1$i2013000231273$lle013$og$pE25.00$q-$rl$s- $t0$u0$v0$w0$x0$y.i15941231$z13-11-20 996 $aLinear algebra$915016 997 $aUNISALENTO 998 $ale013$b02-11-20$cm$da $e-$fita$git $h0$i1 LEADER 02529 am 2200709 n 450 001 9910214937003321 005 20170112 010 $a2-86906-478-0 024 7 $a10.4000/books.pufr.3966 035 $a(CKB)3710000001633341 035 $a(FrMaCLE)OB-pufr-3966 035 $a(oapen)https://directory.doabooks.org/handle/20.500.12854/44248 035 $a(PPN)202672360 035 $a(EXLCZ)993710000001633341 100 $a20170601j|||||||| ||| 0 101 0 $afre 135 $auu||||||m|||| 181 $ctxt$2rdacontent 182 $cc$2rdamedia 183 $acr$2rdacarrier 200 13$aLe crime organisé à la ville et à l'écran aux États-Unis, 1929-1951 /$fTrevor Harris, Dominique Daniel 210 $aTours $cPresses universitaires François-Rabelais$d2017 215 $a1 online resource (90 p.) 311 $a2-86906-160-9 330 $aLe présent volume réunit les textes correspondant aux communications de la journée de la SENA organisée à l'université de Tours le 19 janvier 2002, à propos de la question de civilisation américaine de l'agrégation d'anglais : le crime organisé à la scène et à l'écran, 1929- 1951. L'approche choisie a été de confronter les connaissances historiques relatives à ce sujet à sa représentation offerte par certains des films d'Hollywood. 606 $aSociology 606 $aFilm Radio Television 606 $agangster 606 $acriminalité 606 $afiction 606 $afilm noir 606 $acinéma 606 $aÉtats-Unis 610 $afilm noir 610 $afiction 610 $acinéma 610 $aÉtats-Unis 610 $agangster 610 $acriminalité 615 4$aSociology 615 4$aFilm Radio Television 615 4$agangster 615 4$acriminalité 615 4$afiction 615 4$afilm noir 615 4$acinéma 615 4$aÉtats-Unis 700 $aAugros$b Joël$01330442 701 $aFoucrier$b Annick$01307281 701 $aFrund$b Arlette$01330443 701 $aHuret$b Romain$01233490 701 $aMenegaldo$b Gilles$01279293 701 $aPeltzman$b Daniel$01296814 701 $aPortes$b Jacques$0508952 701 $aStokes$b Melvyn$01150480 701 $aHarris$b Trevor$01282623 701 $aDaniel$b Dominique$01298015 801 0$bFR-FrMaCLE 906 $aBOOK 912 $a9910214937003321 996 $aLe crime organisé à la ville et à l'écran aux États-Unis, 1929-1951$93039860 997 $aUNINA LEADER 01191nam0 2200349 450 001 9910296155203321 005 20251021135216.0 010 $a978-88-9359-068-6 100 $a20181218d2017----km y0itay50 ba 101 0 $aita 102 $aIT 105 $a 001yy 200 1 $aRinascimento cristiano$einnovazioni e riforma religiosa nell'Italia del quindicesimo e sedicesimo secolo$fClaudio Moreschini 210 $aRoma$cEdizioni di storia e letteratura$d2017 215 $aXI, 376 p.$d24 cm 225 1 $aTemi e testi$v160 606 0 $aPico della Mirandola, Giovanni Francesco - Pensiero filosofico 610 0 $aCultura$aInflussi [del] Cristianesimo [e della] Cultura classica$aItalia$a1480-1530 610 0 $aErmetismo - Sec. 15.-16. 610 0 $aNeoplatonismo - Sec. 15.-16 676 $a230.1 676 $a945.06$v23$zita 700 1$aMoreschini,$bClaudio$0384697 801 0$aIT$bUNINA$gREICAT$2UNIMARC 901 $aBK 912 $a9910296155203321 952 $aCOLLEZ. 2151 (160)$b2902/2018$fFSPBC 952 $a191.12 PICO/S 11$bBrau 2020/770$fFLFBC 959 $aFSPBC 959 $aFLFBC 996 $aRinascimento cristiano$91540824 997 $aUNINA